[Event "HUN-chT2 Charousek 1011"]
[Site "Hungary"]
[Date "2011.05.15"]
[Round "11"]
[White "Gere, Orsolya"]
[Black "Vrona, Mihail"]
[Result "1/2-1/2"]
[WhiteElo "1858"]
[BlackElo "2125"]
[PlyCount "70"]
[EventDate "2010.09.12"]
[EventType "team-tourn"]
[EventRounds "11"]
[EventCountry "HUN"]
[SourceTitle "EXT 2012"]
[Source "ChessBase"]
[SourceDate "2011.11.24"]
[SourceVersion "1"]
[SourceVersionDate "2011.11.24"]
[SourceQuality "1"]
[WhiteTeam "Pannonpower"]
[BlackTeam "Tatai Honved"]
[WhiteTeamCountry "HUN"]
[BlackTeamCountry "HUN"]

1. d4 d5 2. c4 e6 3. Nf3 b6 4. cxd5 exd5 5. Nc3 Nf6 6. g3 Bb7 7. Bg2 Be7 8. 0-0 0-0 9. b3 c5 10. Bb2 Nc6 11. Rc1 Rc8 12. Qd2 Ne4 13. Qd3 Re8 14. Rfd1 c4 15. Qb1 cxb3 16. axb3 Nxc3 17. Bxc3 Bf6 18. e3 Qe7 19. Ne1 Nb8 20. Nd3 Red8 21. Bh3 Nd7 22. Bb4 Qe8 23. Qa1 a5 24. Bd6 Rc6 25. Rxc6 Bxc6 26. Rc1 Rc8 27. Rc3 Bb7 28. Qc1 Rxc3 29. Qxc3 Bd8 30. Qc2 Nf6 31. Ne5 g6 32. Bc7 Kg7 33. Qc1 Qe7 34. Bxd8 Qxd8 35. Qc2 Kg8 1/2-1/2

[Event "HUN-chT2 Charousek 1011"]
[Site "Hungary"]
[Date "2011.05.01"]
[Round "10"]
[White "Vrona, Mihail"]
[Black "Nagybiro, Laszlo"]
[Result "1-0"]
[WhiteElo "2125"]
[BlackElo "1599"]
[PlyCount "59"]
[EventDate "2010.09.12"]
[EventType "team-tourn"]
[EventRounds "11"]
[EventCountry "HUN"]
[SourceTitle "EXT 2012"]
[Source "ChessBase"]
[SourceDate "2011.11.24"]
[SourceVersion "1"]
[SourceVersionDate "2011.11.24"]
[SourceQuality "1"]
[WhiteTeam "Tatai Honved"]
[BlackTeam "Decs II"]
[WhiteTeamCountry "HUN"]
[BlackTeamCountry "HUN"]

1. d4 d5 2. Nf3 Nf6 3. e3 e6 4. Bd3 c5 5. b3 Nbd7 6. Bb2 Bd6 7. Nbd2 0-0 8. Ne5 Qc7 9. f4 Ne8 10. Qh5 f5 11. Ndf3 Ndf6 12. Qh3 Ne4 13. 0-0 Rf6 14. Ng5 Rh6 15. Qf3 Nd2 16. Qe2 Nxf1 17. Rxf1 Rf6 18. dxc5 Bxc5 19. Nxh7 Bxe3+ 20. Kh1 Kxh7 21. Qh5+ Kg8 22. Qxe8+ Rf8 23. Qh5 Rf6 24. Ng6 Rxg6 25. Qxg6 d4 26. Rf3 Bxf4 27. Bxd4 Bd6 28. Bc4 Qe7 29. Rh3 b6 30. Rh7 1-0

[Event "HUN-chT2 Charousek 1011"]
[Site "Hungary"]
[Date "2010.10.24"]
[Round "4"]
[White "Huszar, Georgina"]
[Black "Vrona, Mihail"]
[Result "0-1"]
[WhiteElo "1688"]
[BlackElo "2125"]
[PlyCount "98"]
[EventDate "2010.09.12"]
[EventType "team-tourn"]
[EventRounds "11"]
[EventCountry "HUN"]
[SourceTitle "EXT 2012"]
[Source "ChessBase"]
[SourceDate "2011.11.24"]
[SourceVersion "1"]
[SourceVersionDate "2011.11.24"]
[SourceQuality "1"]
[WhiteTeam "Kisber Aszar"]
[BlackTeam "Tatai Honved"]
[WhiteTeamCountry "HUN"]
[BlackTeamCountry "HUN"]

1. d4 d5 2. Nc3 Nf6 3. Bg5 Nbd7 4. Nf3 h6 5. Bh4 e6 6. e3 Be7 7. Bd3 c5 8. Bg3 Qa5 9. 0-0 a6 10. Re1 0-0 11. Qd2 Qb6 12. b3 Nh5 13. Na4 Qc6 14. e4 Nxg3 15. exd5 Qxd5 16. hxg3 cxd4 17. Be4 Qd6 18. Nxd4 Bf6 19. Rad1 Nc5 20. Nc3 Rd8 21. b4 Bxd4 22. bxc5 Bxc5 23. Qxd6 Rxd6 24. Rxd6 Bxd6 25. Rd1 Bc7 26. Na4 Ra7 27. Rb1 b5 28. Nc5 Bb6 29. Nb3 Rd7 30. Bd3 Kf8 31. Kf1 Ke7 32. Ke2 Rd6 33. Rd1 Bb7 34. f3 e5 35. Nd2 Rd4 36. Be4 Bc8 37. Nb1 Rxd1 38. Kxd1 f5 39. Bd3 Bf2 40. Ke2 Bxg3 41. Nc3 Kd6 42. a4 b4 43. Na2 Kc5 44. Kd2 Bf4+ 45. Kd1 Be6 46. Nc1 Bxc1 47. Kxc1 a5 48. Kd2 Kd4 49. g3 Bd7 0-1

[Event "HUN-chT2 Charousek 1011"]
[Site "Hungary"]
[Date "2010.09.26"]
[Round "2"]
[White "Varga, Tibor Jr"]
[Black "Vrona, Mihail"]
[Result "1/2-1/2"]
[WhiteElo "2090"]
[BlackElo "2125"]
[PlyCount "91"]
[EventDate "2010.09.12"]
[EventType "team-tourn"]
[EventRounds "11"]
[EventCountry "HUN"]
[SourceTitle "EXT 2012"]
[Source "ChessBase"]
[SourceDate "2011.11.24"]
[SourceVersion "1"]
[SourceVersionDate "2011.11.24"]
[SourceQuality "1"]
[WhiteTeam "Haladas II"]
[BlackTeam "Tatai Honved"]
[WhiteTeamCountry "HUN"]
[BlackTeamCountry "HUN"]

1. e4 e5 2. Nf3 Nc6 3. Bb5 a6 4. Bxc6 dxc6 5. d4 exd4 6. Qxd4 Qxd4 7. Nxd4 c5 8. Ne2 Ne7 9. Bf4 c6 10. h4 Ng6 11. Bg3 Be7 12. h5 Nf8 13. Nd2 b5 14. f3 Ne6 15. Nb3 0-0 16. 0-0-0 Rd8 17. Na5 Rxd1+ 18. Rxd1 Nd8 19. Bc7 Be6 20. Nf4 Bg5 21. Kb1 Rc8 22. Bxd8 Bxf4 23. Bb6 f5 24. exf5 Bxf5 25. Bxc5 Be6 26. Nxc6 Bxa2+ 27. Kxa2 Rxc6 28. b4 Be5 29. f4 Bf6 30. Kb3 a5 31. Rd6 a4+ 32. Ka3 Rxd6 33. Bxd6 Kf7 34. Be5 Bxe5 35. fxe5 Ke6 36. c4 bxc4 37. Kxa4 Kxe5 38. b5 Kd4 39. b6 c3 40. Kb3 Kd3 41. b7 c2 42. b8Q c1Q 43. Qb5+ Ke4 44. Qb7+ Kf5 45. Qf7+ Ke4 46. Qf3+ 1/2-1/2